Statistics for Prime Numbers Up to 300

Click here to take the quiz!

General Stats

  • This quiz has been taken 184 times
  • The average score is 52 of 62

Answer Stats

Number % Correct
2
100%
47
97%
5
97%
7
97%
11
97%
13
97%
17
97%
19
97%
23
97%
29
97%
37
97%
3
97%
59
96%
53
96%
43
96%
31
96%
41
96%
97
95%
61
95%
67
92%
73
92%
79
92%
107
91%
103
91%
83
91%
127
91%
101
89%
89
89%
71
89%
113
89%
109
88%
131
87%
137
87%
139
84%
149
84%
151
83%
157
83%
163
83%
167
83%
173
81%
179
80%
181
77%
191
75%
193
73%
197
73%
223
72%
211
72%
199
71%
227
71%
229
71%
241
69%
233
68%
239
67%
251
65%
257
63%
263
63%
269
61%
271
61%
277
60%
293
59%
283
57%
281
56%

Score Distribution

Percentile by Number Answered

Percent of People with Each Score

Your Score History

You have not taken this quiz